The international pharmacopoeia: Vol.4

সংরক্ষণ করুন:
গ্রন্থ-পঞ্জীর বিবরন
প্রধান লেখক: WHO
বিন্যাস: গ্রন্থ
ভাষা:Undetermined
প্রকাশিত: Geneva WHO
ট্যাগগুলো: ট্যাগ যুক্ত করুন
কোনো ট্যাগ নেই, প্রথমজন হিসাবে ট্যাগ করুন!
Thư viện lưu trữ: Trung tâm Học liệu Trường Đại học Cần Thơ
LEADER 00418nam a2200157Ia 4500
001 CTU_7061
008 210402s9999 xx 000 0 und d
082 |a 615 
082 |b W927i/V.4 
100 |a WHO 
245 4 |a The international pharmacopoeia: Vol.4 
245 0 |c WHO 
260 |a Geneva 
260 |b WHO 
904 |i Nguyễn Quang Điền, 960830 
980 |a Trung tâm Học liệu Trường Đại học Cần Thơ